LEADER 01727nam a2200313 a 4500 001 000000147344 003 CaOOAMICUS 005 20151113102116.0 008 151113s2015 it 001 udita r 020 $a978-88-7839-300-4* 032 $aLibriCat 040 $aPUL$bita 100 1 $aSalmic, Igor,$co.f.m.conv.,$d1979-$0(OLS)http://pul/name/87916 245 10$aAl di là di ogni pregiudizio :$bLe trattative per il concordato tra la Santa Sede e il regno dei Serbi Croati e Sloveni/Jugoslavia e la mancata ratifica (1922-1938) /$cIgor Salmic ; prefazione di Maja Marija Lovrencic Svetek, ambasciatore della Repubblica di Slovenia presso la Santa Sede. 260 $aRoma :$bGregorian & Biblical Press,$c©2015. 300 $a617 p. ;$c23 cm. 490 1 $aAnalecta Gregoriana ;$v323 500 $aSul front.: Premio Bellarmino 2014. 504 $aInclude riferimenti bibliografici ed indice. 610 14$aSanta Sede$xRelazioni diplomatiche$zSlovenia.$0(OLS)http://pul/subject/42641 700 1 $aLovrencic Svetek, Maja Marija.$0(OLS)http://pul/name/94208 830 0$aAnalecta Gregoriana ;$v323.$0(OLS)http://pul/title/183 850 $aPUL 852 $aPUL$W1$xSL Religione 2$y84$mTheol A1 323$j170295$qStampati Altre Collocazioni$B171074$CPULBib$Z2$F171074 $H126485 $81 941 1 $a10 996 $6020$a978-88-7839-300-4*$9(OLS)http://pul/number/158915 996 $6245$aAl di là di ogni pregiudizio :$bLe trattative per il concordato tra la Santa Sede e il regno dei Serbi Croati e Sloveni/Jugoslavia e la mancata ratifica (1922-1938)$9(OLS)http://pul/title/185987 996 $6260$aRoma :$bGregorian & Biblical Press$9(OLS)http://pul/publisher/81048 LEADER 01060nam a2200253 a 4500 001 000000165508 003 CaOOAMICUS 005 20180130085809.0 008 180130s1950 it u000 u ita r 032 $aLibriCat 040 $aPUL$bita 100 1 $aLobina, Giuseppe,$csac.$0(OLS)http://pul/name/16610 245 13$aLa Chiesa pienezza del Cristo secondo il pensiero di S. Paolo /$csac. Giuseppe Lobina. 260 $a[S.l. :$bs.n.],$c1950. 300 $a86 p. ;$c24 cm. 502 $aEstratto da tesi. Pontificia Facoltà Teologica del Sacro Cuore di Gesù. Cuglieri. 1950. 504 $aBibliografia in nota. 600 04$aPaulus,$cs., apostolo$xTeologia.$0(OLS)http://pul/subject/17361 850 $aPUL 852 $aPUL$W1$xDP1 Tesi Varie$y51$mTH VAR 52$j189804$qTesi$B192839$CPULBib$Z2$F192839 $H18713 $81 941 1 $a16 996 $6245$aLa Chiesa pienezza del Cristo secondo il pensiero di S. Paolo$9(OLS)http://pul/title/205194 996 $6260$a[S.l. :$bs.n.]$9(OLS)http://pul/publisher/81594 LEADER 01535naa a2200325 a 4500 001 000000124637 003 CaOOAMICUS 005 20220427131955.0 008 110310s2010 gw a u000 u ger r 020 $a978-3-451-30400-2 (v. 1-14) 032 $aLibriCat 040 $aPUL$bita 041 1 $ager$hfre 082 04$a270 130 0 $aHistoire du christianisme des origines à nos jours.$lTedesco.$0(OLS)http://pul/title/157109 245 10$aBischöfe, Mönche und Kaiser (642-1054) /$chrsg. von Gilbert Dagron, Pierre Riché und André Vauchez ; deutsche Ausgabe bearbeitet und herausgegeben von Egon Boshof. 250 $aSonderausgabe. 260 $aFreiburg im Breisgau :$bHerder & Co.,$c2010. 300 $aXVIII, 982 p. :$bill. ;$c24 cm. 650 4$aChiesa$xStoria$xStudi.$0(OLS)http://pul/subject/28557 700 1 $aDagron, Gilbert,$d1932-$0(OLS)http://pul/name/7645 700 1 $aRiché, Pierre,$d1921-$0(OLS)http://pul/name/9114 700 1 $aVauchez, André,$d1938-$0(OLS)http://pul/name/625 700 1 $aBoshof, Egon,$d1937-$0(OLS)http://pul/name/62662 774 0 $tGeschichte des Christentums.$bSonderausgabe.$dFreiburg im Breisgau : Herder & Co., 2010.$w()124629 996 $6020$a978-3-451-30400-2 (v. 1-14)$9(OLS)http://pul/number/146636 996 $6082$a270$9(OLS)http://pul/classification/472 996 $6245$aBischöfe, Mönche und Kaiser (642-1054)$9(OLS)http://pul/title/157112 996 $6260$aFreiburg im Breisgau :$bHerder & Co.$9(OLS)http://pul/publisher/51627